LEADER 00764nam0-22002651i-450- 001 990001073770403321 035 $a000107377 035 $aFED01000107377 035 $a(Aleph)000107377FED01 035 $a000107377 100 $a20000920d1972----km-y0itay50------ba 101 0 $aeng 200 1 $aProfessore, permette...?$eIndagine sui libri al disopra di ogni sospetto i testi delle scuole superiori$fClaudio Venturi 210 $aFirenze$cGuaraldi$d1972 610 0 $aScuola e società 676 $a370 700 1$aVenturi,$bClaudio$051088 801 0$aIT$bUNINA$gRICA$2UNIMARC 901 $aBK 912 $a990001073770403321 952 $a1F-105$b8630$fFI1 959 $aFI1 996 $aProfessore, permette...$9336380 997 $aUNINA DB $aING01 LEADER 00866nam0-22003131i-450- 001 990007545640403321 005 20061215143729.0 035 $a000754564 035 $aFED01000754564 035 $a(Aleph)000754564FED01 035 $a000754564 100 $a20030814d1941----km-y0itay50------ba 101 0 $aita 102 $aIT 105 $aa-------001yy 200 1 $aDanimarca e Islanda$fa cura di R. Luzi$g[scritti di] K. Fabricius, S. Borberg, ... [e altri] 210 $aRoma$cedizioni Roma$d1941 215 $a170 p., [9] c. di ill.$d22 cm 225 1 $a<>mondo d'oggi$v9 610 0 $aDanimarca 610 0 $aIslanda 702 1$aLuzi,$bR. 801 0$aIT$bUNINA$gRICA$2UNIMARC 901 $aBK 912 $a990007545640403321 952 $aH-02-069$bI.G.3445$fILFGE 959 $aILFGE 996 $aDanimarca e Islanda$9686005 997 $aUNINA